আমর দেখা ঢাকা শহর: জীবন পাতার জলছবি / (Record no. 28757)

MARC details
000 -LEADER
fixed length control field 00753nam a22001817a 4500
003 - CONTROL NUMBER IDENTIFIER
control field BDDh-ASL
005 - DATE AND TIME OF LATEST TRANSACTION
control field 20231015030951.0
008 - FIXED-LENGTH DATA ELEMENTS--GENERAL INFORMATION
fixed length control field 220526s2011 b ||||| |||| 00| 0 b d
040 ## - CATALOGING SOURCE
Transcribing agency BDDh-ASL
082 ## - DEWEY DECIMAL CLASSIFICATION NUMBER
Classification number 954.922
Item number BEA
100 1# - MAIN ENTRY--PERSONAL NAME
9 (RLIN) 6232
Personal name বেগম, আমেতুল খালেক
245 1# - TITLE STATEMENT
Title আমর দেখা ঢাকা শহর: জীবন পাতার জলছবি /
246 ## - VARYING FORM OF TITLE
Title proper/short title Amar Dekha Dhaka Shohore: Jibon Patar Jalachobi.
260 ## - PUBLICATION, DISTRIBUTION, ETC.
Place of publication, distribution, etc. ঢাকা:
Name of publisher, distributor, etc. জ্যোৎস্না পাবলিশার্স,
Date of publication, distribution, etc. ২০১১।
300 ## - PHYSICAL DESCRIPTION
Extent ১৭২ পৃষ্ঠা:
Other physical details ছবি;
Dimensions ২২ সে.মি.
650 #0 - SUBJECT ADDED ENTRY--TOPICAL TERM
9 (RLIN) 6126
Topical term or geographic name entry element History of Dhaka (ঢাকার ইতিহাস)
942 ## - ADDED ENTRY ELEMENTS (KOHA)
Source of classification or shelving scheme Dewey Decimal Classification
Koha item type Books
Holdings
Withdrawn status Lost status Source of classification or shelving scheme Damaged status Not for loan Collection code Home library Current library Shelving location Date acquired Source of acquisition Total Checkouts Full call number Barcode Date last seen Copy number Price effective from Koha item type
    Dewey Decimal Classification     Non-fiction Asiatic Society Library Asiatic Society Library Dhaka Collection 05/26/2022 Donated by Prof. (Dr.) M. Abdul Qayyum & Dr. Razia Sultana   954.922 BEA 116812 05/26/2022 C-1 05/26/2022 Books
    Dewey Decimal Classification     Non-fiction Asiatic Society Library Asiatic Society Library General Stacks 06/19/2022 Donated by Prof. (Dr.) M. Abdul Qayyum & Dr. Razia Sultana   954.922 BEA 117056 06/19/2022 C-2 06/19/2022 Books

Powered by Koha